00529nam a2200169 a 45000010005000000030005000050050017000100080041000270200015000680400026000831000027001092450093001362600041002293000020002704900031002906500038003213291CDMR20131211154338.0130130s1988||||sp |||||||||||||||||spa|d a8434579588 aCDMRbcatcCPC GIRONA1 aCebrián, Juan Luís12a¿ Qué pasa en el mundo ?b: los medios de información de masascJuan Luis Cebrián c1988bAula Abierta SalvataBarcelona a64 p.bil. col.0 aSalvat TC. Temas Clavev5504aMitjans de comunicació de massa